Great Literature #48 - Statistics

General Stats
  • This quiz has been taken 71 times
  • The average score is 8 of 20
Answer Stats
Hint Explanation Answer % Correct
Around the World in Eighty Days 1872 Jules Verne
98%
The Girl with the Dragon Tattoo 2005 (Män som hatar kvinnor) Stieg Larsson
95%
Mansfield Park 1814 Jane Austen
85%
Our Man in Havana 1958 Graham Greene
76%
Northern Lights (The Golden Compass) 1995 Philip Pullman
75%
Waverley 1814 Walter Scott
44%
The Life of Charlotte Brontë 1857 Elizabeth Gaskell
42%
From the Mixed-Up Files of Mrs. Basil E. Frankweiler 1967 E. L. Konigsburg
42%
Discipline and Punish 1975 (Surveiller et punir : Naissance de la prison) Michel Foucault
42%
The Reader 1995 (Der Vorleser) Bernhard Schlink
38%
Goodbye to Berlin 1939 Christopher Isherwood
36%
Double Indemnity 1943 James M. Cain
35%
Lincoln in the Bardo 2017 George Saunders
22%
The Home and the World 1916 (ঘরে বাইরে) Rabindranath Tagore
20%
The Sot-Weed Factor 1960 John Barth
16%
The Fountain Overflows 1956 Rebecca West
16%
The Narrow Road to the Deep North 2014 Matsuo Bashō
15%
The Burning Plain 1953 (El llano en llamas) Juan Rulfo
11%
Froth on the Daydream 1947 (L'Écume des jours) Boris Vian
9%
The Story of Ferdinand 1936 Munro Leaf
7%
No matching quizzes found
Score Distribution
Percent of People with Each Score
Percentile by Number Answered
Your Score History
You have not taken this quiz